000 00545nam a2200181Ia 4500
008 130821s1995 sp grdd spa
020 _a8408014234
040 _aCo-BoUCM
_bspa
041 _aspa
100 1 _aSavater, Fernando
_d1947-
245 1 0 _aDiccionario filosófico
_cFernando Savater.
260 _aBarcelona (España)
_bPlaneta
_c1995
300 _a475 páginas
650 0 4 _aFilosofía
_975
650 0 4 _aFilosofía
_vDiccionarios y enciclopedias
_975
942 _cLIBRO
_a2
_e1
_mS19
_2DEWEY
_h103
999 _c3589
_d3589